AH International Schools' Libraries

Ava's spectacular spectacles / (Record no. 50053)

MARC details
000 -LEADER
fixed length control field 01385nam a2200325 4500
008 - FIXED-LENGTH DATA ELEMENTS--GENERAL INFORMATION
fixed length control field 170511t20182017okua j 000 1 eng d
010 ## - LIBRARY OF CONGRESS CONTROL NUMBER
LC control number 2017942229
020 ## - INTERNATIONAL STANDARD BOOK NUMBER
International Standard Book Number 9781610677127
Qualifying information (hbk.)
020 ## - INTERNATIONAL STANDARD BOOK NUMBER
International Standard Book Number 1610677129
Qualifying information (hbk.)
035 ## - SYSTEM CONTROL NUMBER
System control number 19630966
035 ## - SYSTEM CONTROL NUMBER
System control number (OCoLC)1023810607
040 ## - CATALOGING SOURCE
Original cataloging agency TDS
Language of cataloging eng
Transcribing agency TDS
Description conventions rda
Modifying agency OCLCF
-- IV7
-- UIU
-- OCL
-- DLC
042 ## - AUTHENTICATION CODE
Authentication code lccopycat
050 00 - LIBRARY OF CONGRESS CALL NUMBER
Classification number PZ7.1.R477
Item number Av 2018
082 04 - DEWEY DECIMAL CLASSIFICATION NUMBER
Classification number A823.4
Edition number 23
100 1# - MAIN ENTRY--PERSONAL NAME
Personal name Rex, Alice,
Relator term author.
9 (RLIN) 87066
245 10 - TITLE STATEMENT
Title Ava's spectacular spectacles /
Statement of responsibility, etc Alice Rex & illustrations Angela Perrini.
260 ## - PUBLICATION, DISTRIBUTION, ETC. (IMPRINT)
Name of publisher, distributor, etc Kane Miller Books :
Date of publication, distribution, etc September 1, 2018.
300 ## - PHYSICAL DESCRIPTION
Extent 1 volume (unpaged) :
Other physical details color illustrations ;
Dimensions 30 cm.
500 ## - GENERAL NOTE
General note First published in 2017 Australia.
520 ## - SUMMARY, ETC.
Summary, etc Ava is not keen to wear her glasses in front of her friends. That is, until her teacher convinces her that the characters in fairytales would have been much better off if they had been wearing their glasses.
650 #0 - SUBJECT ADDED ENTRY--TOPICAL TERM
Topical term or geographic name as entry element Eyeglasses
Form subdivision Juvenile fiction.
650 ## - SUBJECT ADDED ENTRY--TOPICAL TERM
Topical term or geographic name as entry element Self-confidence
Form subdivision Juvenile fiction.
9 (RLIN) 55628
650 #0 - SUBJECT ADDED ENTRY--TOPICAL TERM
Topical term or geographic name as entry element Schools
Form subdivision Juvenile fiction.
655 #7 - INDEX TERM--GENRE/FORM
Genre/form data or focus term Juvenile works.
Source of term fast
9 (RLIN) 52753
700 ## - ADDED ENTRY--PERSONAL NAME
Personal name Perrini, Angela,
Relator term illustrator.
9 (RLIN) 87067
942 ## - ADDED ENTRY ELEMENTS (KOHA)
Source of classification or shelving scheme
Koha item type Book
Holdings
Withdrawn status Lost status Source of classification or shelving scheme Damaged status Not for loan Home library Current library Date acquired Total Checkouts Full call number Barcode Date last seen Date checked out Price effective from Koha item type
          Logos International School Logos International School 01/13/2026 1 E REX 040801 02/06/2026 01/30/2026 01/13/2026 Book

For any Logos Library related questions please contact Miss Art at swongnarasuk@asianhope.org.

For any Asian Hope Library related questions please contact Miss Raza at graza@asianhope.org.

Powered by Koha